000 00620nam a22001697a 4500
003 BD-DhUL
005 20200308121252.0
008 190114s1969 bg ||||| |||| 00| 0 urd d
040 _aBD-DhUL
_cBD-DhUL
082 _a891.4308
_bINT
110 2 _aانتخاب نثراردو
245 1 0 _aبورڈزاف انٹرمیڈیٹ اینڈ سیکنڈری ایڈوکیشں : Urdu prose selection for higher secondary examinations /
_cانتخاب نثراردو
260 _aڈھاکہ :
_bانتخاب نثراردو،
_c۔۱۹۶۹
300 _aص۔ ۵۰۰ ؛
_c۲۲ سم۔
650 4 _aUrdu Literature
942 _2ddc
_cBK
999 _c245778
_d245778